| 000 | 00485nam a2200181 a 4500 | ||
|---|---|---|---|
| 005 | 20210223121158.0 | ||
| 008 | 991125s1947 ch 000 0 spa u | ||
| 035 | _aUPN01000013480 | ||
| 049 | _aCG | ||
| 050 | 4 |
_aBF1265 _bM6.3 1947 |
|
| 100 | 1 | _aMolina, Enrique | |
| 245 | 1 | 0 |
_aDe lo espiritual en la vida humana / _cEnrique Molina. |
| 250 | _a2a ed. | ||
| 260 |
_aSantiago de Chile : _bNascimento, _c1947. |
||
| 300 | _a230 p. | ||
| 650 | 4 |
_aESPIRITUALISMO _923062 |
|
| 905 | _aLibro | ||
| 999 |
_c13480 _d13480 |
||